000 00720nam a2200229Ii 4500
003 JO-AjNU
008 230605s9999||||xx |||||||||||||| ||und||
017 _a1979/2986
020 _a7001-69-8
040 _aJO-AjNU
_bara
_erda
_cJO-AjNU
041 _aara
050 1 4 _aTX724.5.A1.N55 1996
100 3 _aنقولا ، نظيرة /م مشارك بهئية عثمان ,
_eauthor
_942541
245 0 0 _aاصول الطهي : النظري والعمل
250 _aط16
264 3 1 _aالقاهرة :مكتبة النهضة العربية ،1996
300 _a893ص
336 _atext
_btxt
_2rdacontent
337 _aunmediated
_bn
_2rdamedia
338 _avolume
_bnc
_2rdacarrier
650 4 _aالطهي
_942542
999 _aA18223
_c21791
_d21791